1523 1416 1383 1250 1744 1484 1997 1335 1135 1405 1315 1353 1629 1635 1351 1715 1970 1469 1694 1708 1043 1082 1296 1800 1465 1180 1898 1289 1618 1187 1152 1844 1031 1475 1033 1163 1375 1116 1663 1102 1120 1909 1816 1545 1122 1403 1634 1396 1560 1390 1054 1670 1799 1100 1702 1591 1484 1841 1699 1734 1118 1095 1384 1417 1363 1537 1361 1848 1993 1623 1150 1518 1714 1935 1745 1233 1806 1614 1821 1133 1839 1603 1878 1359 1398 1565 1195 1182 1441 1322 1786 1048 1884 1782 1694 1890 1586 1732 1943 BCNSPRNW ULIB Ver.6.0+V

เปลี่ยนเป็นภาษาไทย

Change to English
 แสดงรายละเอียดบรรณานุกรม
  กลับหน้าหลัก

Brief Record : Get Marc (ISO 2709) : E-mail record : QR code < ปิดหน้าต่าง
LEADER : 00000nac a2200000Ia 4500
001    13399114565
003     ULIB
008    990312s2555 th a 000 0 tha d
020    9786162830006
050  4 ^aDS586^bก169พ
110 2  ^aกรมศิลปากรม, สำนักจดหมายเหตุแห่งชาติ
245 10 ^aพระบาทสมเด็จพระเจ้าอยู่หัวกับการศึกษา /^cกรมศิลปากรม, สำนักจดหมายเหตุแห่งชาติ
260    ^aกรุงเทพฯ :^bอมรินทร์พริ้นติ้งแอนด์พับลิชชิ่ง,^c2555
300    ^a200 หน้า :^bภาพประกอบ ;^c27 ซม.
600 07 ^aภูมิพลอดุลยเดช,^cพระบาทสมเด็จพระปรมินทรมหา,^d2470- ^xพระราชกรณียกิจ
650  4 ^aการศึกษา^zไทย
945    ^p0^l0^i031647
995    ^a เกษร
999 ^a ใช้งานได้ทุกระบบ
รายการนี้ยังไม่มีแท็ก
คุณยังไม่ได้ล็อกอิน คุณสามารถมีกิจกรรมร่วมกับเว็บไซต์ได้ แต่ต้องล็อกอินก่อน ::
  ล็อกอิน

รายการสื่อสารสนเทศ

ลำดับที่ ประเภท เลขเรียก/บาร์โค้ด สถานที่ สถานะ
- ไม่พบข้อมูล -

BibComment


ยังไม่เคยถูกคอมเมนท์

คอมเมนท์ทรัพยากรรายการนี้
  คอมเมนท์: พระบาทสมเด็จพระเ..


 Copyright 2026. Bcnsprnw @Library